000 00320nam a2200133Ia 4500
005 20260328104325.0
008 260328s9999||||xx |||||||||||||| ||und||
100 _aRossi, Aldo
245 0 _aAutobiografía Científica /
_cAldo Rossi
260 _bGustavo Gili
300 _a127 p.
650 _aALDO ROSSI
942 _cBK
999 _c11507
_d11507